| 000 | 00703cam a2200217 a 4500 | ||
|---|---|---|---|
| 999 |
_c58274 _d58274 |
||
| 001 | 15207130 | ||
| 005 | 20211020120239.0 | ||
| 008 | 080305s2007 caua 001 0 eng d | ||
| 020 | _a9788779897595 | ||
| 041 | _aeng | ||
| 080 | _a299.93 H-88 | ||
| 100 | 1 |
_aHubbard, L. Ron _q _d _912506 |
|
| 245 | 1 | 0 |
_aIntroduction to scientology ethics / _cL. Ron Hubbard. |
| 264 |
_aLos Angeles _bNew Era, _c2007. |
||
| 300 |
_a513 p. : _bill. ; _c25 cm. |
||
| 440 |
_aA Scientology Publicatiოn _912694 |
||
| 653 | _aReligious ethics. | ||
| 653 | _aრელიგიური ეთიკა | ||
| 942 |
_2udc _cBK |
||
| 955 |
_aps05 2008-03-05 z-processor to SSCD _ash00 2008-03-10 _ish21 2008-03-18 (telework) |
||